| 000 | 00698nam a2200253 a 4500 | ||
|---|---|---|---|
| 001 | 59567 | ||
| 003 | BD-RjUL | ||
| 005 | 20211209080739.0 | ||
| 008 | 161226s1969 nyu 000 0 eng d | ||
| 020 | _a070342148 | ||
| 035 | _a(BD-RjUL)59691 | ||
| 040 |
_aVKC _cVKC _dUKM _dEQO _beng |
||
| 041 | _aeng | ||
| 082 |
_a657 _bKEF 1969 _223 |
||
| 090 |
_aHJ9801 _b.K37 |
||
| 100 | 1 |
_aKerrigan, Harry D. _9177180 |
|
| 245 | 1 | 0 |
_aFund accounting / _c[by] Harry D. Kerrigan |
| 260 |
_aNew York : _bMcGraw-Hill, _cc1969 |
||
| 300 |
_ax, 533 p. ; _c24 cm |
||
| 490 | 1 | _aMcGraw-Hill accounting series | |
| 650 | 0 |
_aAccounting _9177181 |
|
| 830 | 0 |
_aMcGraw-Hill accounting series _9177786 |
|
| 942 |
_2ddc _cBK |
||
| 999 |
_c59567 _d59567 |
||